[Event "NAYCC U10 w"]
[Site "Kingston CAN"]
[Date "2019.08.17"]
[Round "3.55"]
[White "Jin, Helena"]
[Black "Fausto, Aliana"]
[Result "0-1"]
[WhiteElo "950"]
[BlackElo "1214"]
[PlyCount "156"]
[EventDate "2019.08.16"]
[EventType "swiss"]
[EventRounds "9"]
[EventCountry "CAN"]

1. e4 c5 2. Nf3 g6 3. Nc3 Bg7 4. Bc4 Nc6 5. d3 d6 6. Be3 Nf6 7. Bb5 Bd7 8. e5
Ng4 9. exd6 exd6 10. O-O O-O 11. Bf4 Nge5 12. Re1 Bg4 13. Bxc6 Nxc6 14. h3 Bf5
15. Nh4 Qxh4 16. Bxd6 Rfe8 17. Bg3 Qf6 18. Rb1 b6 19. Nd5 Rxe1+ 20. Qxe1 Qd8
21. Nc7 Rc8 22. Nb5 Nd4 23. Nd6 Rc6 24. c3 Ne6 25. Nxf5 gxf5 26. Rd1 Qd5 27. c4
Qd4 28. b3 f4 29. Bxf4 Qxf4 30. g3 Qe5 31. Qxe5 Bxe5 32. Re1 Bf6 33. Kg2 Rd6
34. Re3 Bg5 35. f4 Bf6 36. f5 Nd4 37. g4 Bg5 38. Re4 Nc6 39. Re8+ Kg7 40. Kf3
Rxd3+ 41. Ke4 Re3+ 42. Kd5 Rxe8 43. Kxc6 Re2 44. a4 Rb2 45. Kb7 Rxb3 46. Kxa7
Rb4 47. Ka6 Rxa4+ 48. Kxb6 Rxc4 49. Kb5 Rc1 50. Kc6 c4 51. Kd5 c3 52. Kd4 c2
53. Kd3 Rh1 54. Kxc2 Rxh3 55. Kd1 Rg3 56. Ke2 Rxg4 57. Kf3 Rf4+ 58. Kg3 Rxf5
59. Kg4 Kg6 60. Kh3 Kh5 61. Kg3 Rf4 62. Kh3 f5 63. Kg3 Rg4+ 64. Kf3 f4 65. Kf2
Kh4 66. Kf3 Rg3+ 67. Kf2 f3 68. Kf1 Be3 69. Ke1 f2+ 70. Ke2 Rg1 71. Kxe3 f1=Q
72. Ke4 Rg4+ 73. Ke5 Qd3 74. Ke6 Re4+ 75. Kf6 Qf3+ 76. Kg7 Rg4+ 77. Kh8 Qf8+
78. Kxh7 Qg7# 0-1

[Event "NAYCC U10 w"]
[Site "Kingston CAN"]
[Date "2019.08.17"]
[Round "3.56"]
[White "Yang, Jing Yao"]
[Black "Inozemtseva, Milana"]
[Result "1-0"]
[WhiteElo "1164"]
[BlackElo "784"]
[PlyCount "107"]
[EventDate "2019.08.16"]
[EventType "swiss"]
[EventRounds "9"]
[EventCountry "CAN"]

1. e4 e5 2. Nf3 Nf6 3. Nxe5 d6 4. Nf3 Nxe4 5. d3 Nf6 6. Nc3 Nc6 7. Bg5 Qe7+ 8.
Qe2 Qxe2+ 9. Bxe2 Nb4 10. O-O-O Be7 11. a3 Nc6 12. d4 Ng4 13. Rhf1 Bxg5+ 14.
Nxg5 Nxh2 15. Rh1 f6 16. Rxh2 fxg5 17. Bh5+ g6 18. Bxg6+ Kf8 19. Rxh7 Rxh7 20.
Bxh7 Bg4 21. f3 Be6 22. d5 Kg7 23. Be4 Bd7 24. dxc6 Bxc6 25. Bxc6 bxc6 26. Re1
Rf8 27. Re7+ Kg6 28. Rxc7 Re8 29. Kd2 Kf5 30. Rxc6 d5 31. Nxd5 Rd8 32. c4 Ke5
33. Ke3 Kf5 34. g4+ Ke5 35. Rg6 Rc8 36. Rxg5+ Ke6 37. Kd4 Kf7 38. Rf5+ Ke6 39.
Re5+ Kf7 40. Re7+ Kg6 41. Rxa7 Rc6 42. Ne7+ Kf7 43. Nxc6+ Kf6 44. Ra8 Ke6 45.
Ke4 Kd6 46. g5 Kxc6 47. g6 Kb7 48. g7 Kxa8 49. g8=Q+ Ka7 50. c5 Kb7 51. Qd8 Kc6
52. Qd6+ Kb5 53. Qb6+ Ka4 54. Qb4# 1-0

[Event "NAYCC U10 w"]
[Site "Kingston CAN"]
[Date "2019.08.17"]
[Round "3.57"]
[White "Zhao, Catherine"]
[Black "Dahale, Siddhi"]
[Result "0-1"]
[WhiteElo "1085"]
[BlackElo "1137"]
[PlyCount "56"]
[EventDate "2019.08.16"]
[EventType "swiss"]
[EventRounds "9"]
[EventCountry "CAN"]

1. e4 e5 2. Nf3 Nc6 3. Nc3 Nf6 4. Bc4 Bc5 5. O-O O-O 6. d3 h6 7. Re1 d6 8. h3
Re8 9. Be3 Nd4 10. Nd5 Be6 11. Nxf6+ Qxf6 12. Bxe6 Rxe6 13. Nd2 Bb6 14. Nc4 Nc6
15. Rb1 Qg6 16. Nd2 Rf8 17. Nf3 Qh7 18. Bd2 f5 19. c3 Kh8 20. Qb3 Ref6 21. c4
fxe4 22. Rxe4 Rg6 23. Nh4 Bxf2+ 24. Kh1 Bxh4 25. Rxh4 Rg3 26. Qxb7 Qxd3 27. Be1
Qf1+ 28. Kh2 Rxg2# 0-1

[Event "NAYCC U10 w"]
[Site "Kingston CAN"]
[Date "2019.08.17"]
[Round "3.58"]
[White "Ma, Lily"]
[Black "Zhou, Ariel"]
[Result "1-0"]
[WhiteElo "824"]
[BlackElo "1080"]
[PlyCount "107"]
[EventDate "2019.08.16"]
[EventType "swiss"]
[EventRounds "9"]
[EventCountry "CAN"]

1. e4 e5 2. Nf3 Nc6 3. Nc3 Nf6 4. d4 exd4 5. Nxd4 Bb4 6. Nxc6 bxc6 7. Bd3 O-O
8. O-O Re8 9. Bg5 h6 10. Bh4 d6 11. Qf3 Bg4 12. Bxf6 Bxf3 13. Bxd8 Bxg2 14.
Kxg2 Raxd8 15. Rae1 Re7 16. Re3 Rb8 17. Nd1 Bc5 18. Rf3 Rbe8 19. Ne3 Bd4 20. b3
g6 21. Rg3 Kh7 22. f4 Bxe3 23. Rxe3 f5 24. Rfe1 Kg7 25. Kf3 fxe4+ 26. Rxe4 Rxe4
27. Rxe4 Rf8 28. Re7+ Kf6 29. Rxc7 g5 30. Rxc6 Ke6 31. f5+ Kd7 32. Ra6 Ra8 33.
Kg4 Rh8 34. Rxa7+ Kc6 35. Ra6+ Kc7 36. f6 Rf8 37. f7 Kb7 38. Rxd6 Rxf7 39. Rxh6
Rg7 40. Rh7 Rxh7 41. Bxh7 Kc6 42. a4 Kc5 43. c4 Kb4 44. Bf5 Kxb3 45. c5 Kxa4
46. c6 Kb5 47. c7 Kb6 48. c8=Q Kb5 49. Kf3 Ka5 50. Ke4 Kb6 51. Kd5 Kb5 52. Qb8+
Ka4 53. Kc4 Ka5 54. Qb5# 1-0

[Event "NAYCC U10 w"]
[Site "Kingston CAN"]
[Date "2019.08.17"]
[Round "3.59"]
[White "Girish, Niyathi"]
[Black "Chen, Alina"]
[Result "1-0"]
[WhiteElo "826"]
[BlackElo "954"]
[PlyCount "77"]
[EventDate "2019.08.16"]
[EventType "swiss"]
[EventRounds "9"]
[EventCountry "CAN"]

1. e4 c5 2. Nf3 d6 3. d4 cxd4 4. Nxd4 Nf6 5. Nc3 g6 6. Be3 Bg7 7. f3 O-O 8. Qd2
Nc6 9. O-O-O d5 10. Kb1 dxe4 11. Nxc6 Qxd2 12. Nxe7+ Kh8 13. Bxd2 exf3 14. gxf3
Be6 15. Bf4 Rfe8 16. Ned5 Nxd5 17. Nxd5 Red8 18. Bc4 Rac8 19. Bb3 a5 20. Bc7
Rd7 21. Nb6 Rxd1+ 22. Rxd1 Re8 23. Bxe6 fxe6 24. Nc4 a4 25. Nb6 Kg8 26. Nxa4
Rf8 27. Rd8 Kf7 28. Rxf8+ Kxf8 29. c4 Bd4 30. b4 Ke7 31. Nb6 Bxb6 32. Bxb6 Kd7
33. Kb2 Kc6 34. c5 g5 35. a4 Kd7 36. b5 h6 37. a5 Kc8 38. a6 e5 39. a7 1-0

[Event "NAYCC U10 w"]
[Site "Kingston CAN"]
[Date "2019.08.17"]
[Round "4.50"]
[White "Wu, Abbie"]
[Black "Gao, Lucy"]
[Result "1/2-1/2"]
[WhiteElo "1623"]
[BlackElo "1288"]
[PlyCount "94"]
[EventDate "2019.08.16"]
[EventType "swiss"]
[EventRounds "9"]
[EventCountry "CAN"]

1. e4 e5 2. Nf3 Nc6 3. Bc4 Nf6 4. d3 Be7 5. c3 O-O 6. O-O d5 7. exd5 Nxd5 8.
Re1 Bf6 9. Bb3 Bg4 10. h3 Bh5 11. Bc2 h6 12. Nbd2 Nf4 13. Ne4 Bg5 14. Nexg5
hxg5 15. Bxf4 gxf4 16. b4 a6 17. Kh2 Qf6 18. Qc1 Bxf3 19. gxf3 Qh4 20. Qd2 g6
21. Rg1 Kg7 22. Rg4 Qh5 23. Rag1 Rh8 24. h4 Ne7 25. Qe2 Rae8 26. Rh1 Nd5 27.
Kg2 Qh6 28. Qe1 f5 29. Rg5 Nf6 30. Kg1 Nh7 31. Rg2 Qh5 32. Rh3 g5 33. Qd1 Kf8
34. d4 e4 35. fxe4 Qxd1+ 36. Bxd1 g4 37. Bxg4 fxg4 38. Rxg4 Rg8 39. Rxg8+ Kxg8
40. f3 Kf7 41. Rh2 Nf6 42. Rg2 Rh8 43. Rh2 Nh5 44. Kf2 Ng3 45. a4 Rh6 46. Ke1
Rc6 47. Rc2 Rh6 1/2-1/2

[Event "NAYCC U10 w"]
[Site "Kingston CAN"]
[Date "2019.08.17"]
[Round "4.51"]
[White "Qu, Greta"]
[Black "Morden, Rose"]
[Result "1-0"]
[WhiteElo "1427"]
[BlackElo "1518"]
[PlyCount "63"]
[EventDate "2019.08.16"]
[EventType "swiss"]
[EventRounds "9"]
[EventCountry "CAN"]

1. e4 e5 2. Nf3 Nc6 3. d4 exd4 4. Nxd4 Qh4 5. Nc3 Bb4 6. Be2 Qxe4 7. Ndb5 Kd8
8. O-O Bxc3 9. Nxc3 Qd4 10. Bd3 d6 11. Be3 Qg4 12. f3 Qh4 13. Qd2 h6 14. Rfe1
Be6 15. Bf2 Qf6 16. Ne4 Qe7 17. Bb5 Qd7 18. Qc3 f6 19. Rad1 Qc8 20. Bxc6 bxc6
21. Qxc6 Bd7 22. Qd5 Ne7 23. Qf7 Nf5 24. Nxf6 Be6 25. Rxe6 gxf6 26. Qxf6+ Kd7
27. Qf7+ Kc6 28. Qxf5 Rf8 29. Qe4+ Kd7 30. Re7+ Kd8 31. Bh4 Qd7 32. Re8# 1-0

[Event "NAYCC U10 w"]
[Site "Kingston CAN"]
[Date "2019.08.17"]
[Round "4.52"]
[White "Dahale, Siddhi"]
[Black "Prakash, Nandini"]
[Result "0-1"]
[WhiteElo "1137"]
[BlackElo "1416"]
[PlyCount "134"]
[EventDate "2019.08.16"]
[EventType "swiss"]
[EventRounds "9"]
[EventCountry "CAN"]

1. d4 Nf6 2. c4 g6 3. Nc3 Bg7 4. e4 d6 5. Nf3 c6 6. Bd3 Nfd7 7. Be3 c5 8. Bc2
b6 9. d5 Na6 10. O-O O-O 11. Qd2 Nc7 12. Bh6 a6 13. Bxg7 Kxg7 14. Qe2 Rb8 15.
Nd2 b5 16. cxb5 Nxb5 17. Nxb5 axb5 18. f4 e6 19. f5 exd5 20. exd5 Re8 21. Qf3
Qf6 22. fxg6 Qxf3 23. Rxf3 fxg6 24. Raf1 Ne5 25. Re3 Bb7 26. Be4 Nd7 27. Rfe1
Nf6 28. Bf3 Rxe3 29. Rxe3 Kf8 30. Ne4 Nxe4 31. Bxe4 Re8 32. Kf2 Kf7 33. Bf3
Rxe3 34. Kxe3 Kf6 35. Ke4 Bc8 36. g4 Kg5 37. h3 h5 38. gxh5 gxh5 39. Bg2 Bf5+
40. Kf3 Kh4 41. Kf4 Bxh3 42. Bf3 Bg4 43. Bg2 Be2 44. Be4 Kh3 45. Bf5+ Kg2 46.
Kg5 Kg3 47. Be4 h4 48. Kf6 h3 49. Ke6 h2 50. Kxd6 Bf3 51. Bxf3 Kxf3 52. Kxc5
h1=Q 53. d6 Qh8 54. d7 Qd8 55. Kc6 Qb8 56. b3 b4 57. Kc5 Qf8+ 58. Kc6 Ke4 59.
Kc7 Qe7 60. Kc8 Qc5+ 61. Kb7 Qd6 62. Kc8 Qc6+ 63. Kd8 Kd5 64. Ke7 Qe6+ 65. Kd8
Kc6 66. Kc8 Qxd7+ 67. Kb8 Qb7# 0-1

[Event "NAYCC U10 w"]
[Site "Kingston CAN"]
[Date "2019.08.17"]
[Round "4.53"]
[White "Fausto, Aliana"]
[Black "Pham, Linda"]
[Result "1/2-1/2"]
[WhiteElo "1214"]
[BlackElo "1330"]
[PlyCount "132"]
[EventDate "2019.08.16"]
[EventType "swiss"]
[EventRounds "9"]
[EventCountry "CAN"]

1. e4 e6 2. Nf3 d5 3. Nc3 Nf6 4. e5 Nfd7 5. d4 c5 6. Ne2 Nc6 7. c3 Be7 8. Ng3
f6 9. exf6 Nxf6 10. Bb5 Bd7 11. Bxc6 Bxc6 12. Bf4 O-O 13. O-O Bd6 14. Bxd6 Qxd6
15. Re1 c4 16. Qd2 Rfe8 17. Re2 b5 18. Rae1 Re7 19. h3 Rae8 20. Qg5 a5 21. Qe5
Qxe5 22. Rxe5 Kf8 23. Ne2 b4 24. Nf4 Ne4 25. Ng5 Nxg5 26. Rxg5 Bd7 27. Rge5 Kf7
28. a3 bxc3 29. bxc3 Rb8 30. Nxd5 Ree8 31. Nc7 Re7 32. Rxa5 Rb3 33. Re3 Rb1+
34. Kh2 Bc6 35. Na6 Rb2 36. Nb4 Bb7 37. f3 Rc7 38. d5 exd5 39. Nxd5 Bxd5 40.
Rxd5 Rb3 41. a4 Ra3 42. a5 Re7 43. Rf5+ Ke8 44. Rfe5 Rxe5 45. Rxe5+ Kf7 46. Rc5
Rxc3 47. a6 Ra3 48. Rc7+ Kg6 49. a7 c3 50. Rxc3 Rxa7 51. Rc5 Kf7 52. Rc6 Re7
53. Kg3 Re6 54. Rxe6 Kxe6 55. Kg4 Kf6 56. h4 g6 57. h5 g5 58. f4 gxf4 59. Kxf4
h6 60. g4 Ke6 61. g5 hxg5+ 62. Kxg5 Kf7 63. h6 Kg8 64. Kf6 Kh8 65. Kf7 Kh7 66.
Kf6 Kxh6 1/2-1/2

[Event "NAYCC U10 w"]
[Site "Kingston CAN"]
[Date "2019.08.17"]
[Round "4.54"]
[White "Ma, Lily"]
[Black "Zhuang, Winnie"]
[Result "1/2-1/2"]
[WhiteElo "824"]
[BlackElo "1285"]
[PlyCount "161"]
[EventDate "2019.08.16"]
[EventType "swiss"]
[EventRounds "9"]
[EventCountry "CAN"]

1. e4 e6 2. d4 d5 3. e5 c5 4. c3 Nc6 5. Nf3 Qb6 6. a3 Nh6 7. b4 cxd4 8. cxd4
Nf5 9. Bb2 Be7 10. Bd3 Bd7 11. Bxf5 exf5 12. O-O Be6 13. Nc3 O-O 14. Ne2 a5 15.
Rb1 axb4 16. axb4 Bxb4 17. Bc3 Qa5 18. Ra1 Qc7 19. Bxb4 Nxb4 20. Nf4 h6 21. Nh5
Nc6 22. Qc2 Qe7 23. Rfb1 Rxa1 24. Rxa1 Rb8 25. Rc1 Qd8 26. Qb1 Qa5 27. Rxc6 b5
28. h3 b4 29. Nd2 b3 30. Nxb3 Bd7 31. Rc2 Qa3 32. Rc3 Ba4 33. Qxf5 Bxb3 34. Qg4
g6 35. Nf6+ Kg7 36. Nh5+ Kg8 37. Rc8+ Rxc8 38. Qxc8+ Qf8 39. Nf6+ Kg7 40. Qxf8+
Kxf8 41. f4 Ke7 42. Kf2 Ke6 43. g4 Bc4 44. h4 Bb3 45. h5 Bd1 46. hxg6 fxg6 47.
Kg3 Be2 48. Ng8 h5 49. Nf6 hxg4 50. Nxg4 Bd3 51. Ne3 Be4 52. Kg4 Bd3 53. Ng2
Bc2 54. Nh4 Be4 55. Kg5 Kf7 56. f5 gxf5 57. Nxf5 Ke6 58. Ne3 Ke7 59. Kf4 Ke6
60. Nc4 Bg2 61. Nd6 Bh1 62. Nb5 Be4 63. Kg3 Bd3 64. Nc3 Bf1 65. Nxd5 Kxd5 66.
Kf4 Bh3 67. Ke3 Be6 68. Kd3 Bf5+ 69. Kc3 Be6 70. Kd3 Bf5+ 71. Ke3 Be6 72. Kd3
Bf5+ 73. Kc3 Be6 74. Kd3 Bf5+ 75. Kc3 Be6 76. Kd3 Bf5+ 77. Ke3 Be6 78. Kf4 Bh3
79. Ke3 Ke6 80. Kd3 Bf5+ 81. Ke3 1/2-1/2

[Event "NAYCC U10 w"]
[Site "Kingston CAN"]
[Date "2019.08.17"]
[Round "4.55"]
[White "Ran, Alice"]
[Black "Yang, Jing Yao"]
[Result "1-0"]
[WhiteElo "985"]
[BlackElo "1164"]
[PlyCount "91"]
[EventDate "2019.08.16"]
[EventType "swiss"]
[EventRounds "9"]
[EventCountry "CAN"]

1. e4 e5 2. f4 d6 3. Nf3 Nc6 4. d4 exd4 5. Nxd4 Nxd4 6. Qxd4 Nf6 7. Nc3 Be6 8.
Bd3 Be7 9. O-O O-O 10. f5 Bd7 11. Bg5 b6 12. Bc4 d5 13. Bxf6 gxf6 14. Qxd5 c6
15. Qd3 Qc7 16. Rad1 Rad8 17. Qh3 Bd6 18. Qg4+ Kh8 19. Qh4 b5 20. Qxf6+ Kg8 21.
Bxf7+ Rxf7 22. Qxd6 Qxd6 23. Rxd6 Rff8 24. Rfd1 Rf7 25. e5 Rxf5 26. e6 Bxe6 27.
Rxd8+ Kg7 28. b3 Rc5 29. Ne2 Rxc2 30. Nd4 Rxa2 31. Nxe6+ Kf6 32. Nc5 Rb2 33.
R8d2 Rxd2 34. Rxd2 Ke5 35. h4 Kf4 36. Rd7 Kg4 37. Rxh7 Kg3 38. Rg7+ Kxh4 39.
Kf2 Kh5 40. Kf3 Kh6 41. Rg3 Kh5 42. Kf4 Kh6 43. Kf5 Kh7 44. Kf6 Kh8 45. Kf7 Kh7
46. Rh3# 1-0

[Event "NAYCC U10 w"]
[Site "Kingston CAN"]
[Date "2019.08.17"]
[Round "4.56"]
[White "Liao, Jocelyn"]
[Black "Arivoli, Sadhana"]
[Result "0-1"]
[WhiteElo "799"]
[BlackElo "1296"]
[PlyCount "126"]
[EventDate "2019.08.16"]
[EventType "swiss"]
[EventRounds "9"]
[EventCountry "CAN"]

1. e4 Nf6 2. Nc3 d5 3. d3 dxe4 4. dxe4 Qxd1+ 5. Kxd1 c6 6. Bd3 e5 7. Be3 Bb4 8.
Bd2 Bd6 9. Ke2 Be6 10. Re1 Nbd7 11. Kd1 O-O-O 12. Nf3 Bg4 13. Be2 h6 14. Kc1
Rhf8 15. h3 Bh5 16. g4 Bg6 17. Bd3 Nc5 18. Kb1 Nxd3 19. cxd3 Bc7 20. Kc2 Nd7
21. Be3 Kb8 22. Kb1 Nf6 23. Rd1 Rd7 24. Bc5 Rfd8 25. Ne1 Nxe4 26. Be3 Nxc3+ 27.
bxc3 Bxd3+ 28. Nxd3 Rxd3 29. Rxd3 Rxd3 30. Kc2 Rd8 31. Rg1 g5 32. Rg3 f6 33.
Rf3 Rf8 34. Bc5 Rf7 35. Kd3 b6 36. Bb4 c5 37. Ba3 Bd8 38. Bc1 Re7 39. Rxf6 Rd7+
40. Ke4 Bxf6 41. Be3 Kc7 42. f3 Kd6 43. c4 Ke6 44. a4 Rd4+ 45. Bxd4 exd4 46. f4
gxf4 47. Kxf4 Bg5+ 48. Ke4 Bc1 49. h4 Be3 50. h5 Bg5 51. Kd3 Ke5 52. Kc2 Ke4
53. Kd1 Kd3 54. Ke1 Kc2 55. Ke2 d3+ 56. Ke1 d2+ 57. Ke2 d1=Q+ 58. Kf2 Qd2+ 59.
Kf3 Qe3+ 60. Kg2 Bf4 61. Kf1 Bg3 62. Kg2 Qf2+ 63. Kh3 Qh2# 0-1

[Event "NAYCC U10 w"]
[Site "Kingston CAN"]
[Date "2019.08.17"]
[Round "4.57"]
[White "Inozemtseva, Milana"]
[Black "Jin, Helena"]
[Result "0-1"]
[WhiteElo "784"]
[BlackElo "950"]
[PlyCount "130"]
[EventDate "2019.08.16"]
[EventType "swiss"]
[EventRounds "9"]
[EventCountry "CAN"]

1. e4 e5 2. Nf3 Nc6 3. Bc4 Bc5 4. d3 h6 5. Nc3 Nf6 6. Nd5 d6 7. O-O Bg4 8. b4
Bd4 9. c3 Nxd5 10. exd5 Bxc3 11. Rb1 Ne7 12. Qc2 Bxf3 13. Qxc3 Bxd5 14. Re1 c6
15. b5 c5 16. Qb3 Bxc4 17. Qxc4 O-O 18. Qg4 Qc8 19. Qg3 Nf5 20. Qg4 Qe6 21. Rb2
Qg6 22. Qxg6 fxg6 23. Bd2 b6 24. g4 Nd4 25. Be3 Nf3+ 26. Kf1 Nxe1 27. Kxe1 a6
28. Ke2 axb5 29. Rxb5 Rxa2+ 30. Kf1 Ra6 31. Kg2 Rb8 32. f4 exf4 33. Bxf4 Ra5
34. Rb2 Ra6 35. Bxd6 Rd8 36. Bc7 Rxd3 37. Bxb6 c4 38. Bc5 c3 39. Rc2 Rd2+ 40.
Rxd2 cxd2 41. Kh3 d1=Q 42. Kh4 Qe1+ 43. Kh3 Rc6 44. Bd4 Rc3+ 45. Bxc3 Qxc3+ 46.
Kh4 Qe1+ 47. Kh3 Qe3+ 48. Kg2 h5 49. gxh5 gxh5 50. h4 g5 51. hxg5 Qxg5+ 52. Kh2
Qh4+ 53. Kg2 Kg7 54. Kf3 Qg5 55. Ke4 Qf6 56. Ke3 h4 57. Ke2 h3 58. Ke3 h2 59.
Ke2 h1=R 60. Kd2 Rh5 61. Ke2 Re5+ 62. Kd2 Qd6+ 63. Kc2 Rc5+ 64. Kb2 Qb6+ 65.
Ka2 Ra5# 0-1

[Event "NAYCC U10 w"]
[Site "Kingston CAN"]
[Date "2019.08.17"]
[Round "4.58"]
[White "De Costa, Dayna"]
[Black "Girish, Niyathi"]
[Result "1-0"]
[WhiteElo "686"]
[BlackElo "826"]
[PlyCount "77"]
[EventDate "2019.08.16"]
[EventType "swiss"]
[EventRounds "9"]
[EventCountry "CAN"]

1. d4 d5 2. Bf4 Nf6 3. e3 Bf5 4. Nf3 e6 5. c3 c5 6. Bd3 Bd6 7. Bg3 O-O 8. O-O
Re8 9. Bxd6 Qxd6 10. Ne5 Nbd7 11. f4 Bxd3 12. Qxd3 Ne4 13. Nd2 f5 14. Rad1 Rad8
15. c4 b6 16. b3 Rf8 17. cxd5 exd5 18. dxc5 Ndxc5 19. Qd4 Rf6 20. Nxe4 Nxe4 21.
Rd3 Qe6 22. Nc4 dxc4 23. Qxd8+ Rf8 24. Qd5 Nc5 25. Qxe6+ Nxe6 26. bxc4 Nc5 27.
Rd4 Rc8 28. Rd5 g6 29. h3 Na6 30. Rd7 Nb4 31. Rxa7 Rxc4 32. Rd1 Nc6 33. Rc7 b5
34. Rdd7 Rc1+ 35. Kh2 Kf8 36. Rf7+ Kg8 37. Rxh7 Rc2 38. Rb7 Rb2 39. Rhc7 1-0

[Event "NAYCC U10 w"]
[Site "Kingston CAN"]
[Date "2019.08.17"]
[Round "4.59"]
[White "Chen, Alina"]
[Black "Zhao, Catherine"]
[Result "0-1"]
[WhiteElo "964"]
[BlackElo "624"]
[PlyCount "81"]
[EventDate "2019.08.16"]
[EventType "swiss"]
[EventRounds "9"]
[EventCountry "CAN"]

1. e4 e5 2. Nf3 Nc6 3. d4 Nf6 4. Nc3 d5 5. dxe5 Nxe5 6. Nxe5 Bb4 7. exd5 Ne4 8.
Qf3 Nf6 9. Bc4 Bd6 10. Nd3 Qe7+ 11. Be3 Bg4 12. Bb5+ Kf8 13. Qe2 Bxe2 14. Nxe2
c6 15. dxc6 bxc6 16. Bxc6 Rc8 17. Ba4 Qc7 18. Bb3 Bxh2 19. g3 Ng4 20. f3 Nxe3
21. Rxh2 Nxc2+ 22. Bxc2 Qxc2 23. Rd1 Re8 24. a3 Rd8 25. Rd2 Qb1+ 26. Rd1 Qa2
27. Rh4 Qd5 28. Rd4 Qa5+ 29. Rb4 g6 30. Kf1 Qf5 31. Rf4 Qh3+ 32. Ke1 Qh1+ 33.
Kd2 Qh5 34. Ke1 Qa5+ 35. Kf1 Kg7 36. Kf2 Qb6+ 37. Ke1 Rd7 38. Rd2 Rhd8 39. Nec1
Qe6+ 40. Re4 Qh3 41. Rh4 0-1

[Event "NAYCC U10 w"]
[Site "Kingston CAN"]
[Date "2019.07.18"]
[Round "5.50"]
[White "Wu, Abbie"]
[Black "Qu, Greta"]
[Result "0-1"]
[WhiteElo "1623"]
[BlackElo "1427"]
[PlyCount "106"]
[EventDate "2019.08.16"]
[EventType "swiss"]
[EventRounds "9"]
[EventCountry "CAN"]

1. e4 c5 2. Nf3 Nc6 3. d4 cxd4 4. Nxd4 g6 5. Nc3 Bg7 6. Be3 Nf6 7. f3 O-O 8.
Qd2 d5 9. Nxc6 bxc6 10. O-O-O e6 11. h4 Qa5 12. h5 Nxh5 13. g4 Bxc3 14. Qxc3
Qxc3 15. bxc3 Ng3 16. Rh3 Nxf1 17. Rxf1 f6 18. Bc5 Rf7 19. Rd1 Ba6 20. exd5
cxd5 21. Re1 Rc8 22. Bb4 e5 23. g5 Re8 24. gxf6 Rxf6 25. Rg3 Bb7 26. Kd2 Kg7
27. Re3 h5 28. Ke1 Bc6 29. Bc5 a6 30. Rg5 Kh6 31. Rgxe5 Rxe5 32. Rxe5 Rxf3 33.
Be3+ Kg7 34. Bd4 Kf7 35. Ke2 Rf6 36. Re3 Bb5+ 37. Kd2 Rf2+ 38. Kd1 Ba4 39. Re7+
Kxe7 40. Bxf2 Ke6 41. Ke2 Kf5 42. Kf3 Bxc2 43. Bd4 h4 44. Kg2 g5 45. Kh3 Bd3
46. Kg2 Kg6 47. a3 g4 48. c4 dxc4 49. Bf2 Kh5 50. Be3 c3 51. Bc1 Be4+ 52. Kh2
g3+ 53. Kg1 h3 0-1

[Event "NAYCC U10 w"]
[Site "Kingston CAN"]
[Date "2019.08.18"]
[Round "5.51"]
[White "Gao, Lucy"]
[Black "Prakash, Nandini"]
[Result "0-1"]
[WhiteElo "1288"]
[BlackElo "1416"]
[PlyCount "90"]
[EventDate "2019.08.16"]
[EventType "swiss"]
[EventRounds "9"]
[EventCountry "CAN"]

1. e4 c5 2. Nf3 d6 3. Bb5+ Bd7 4. Bxd7+ Qxd7 5. O-O Nc6 6. c3 g6 7. Qe2 Bg7 8.
Rd1 e6 9. d4 cxd4 10. cxd4 Rc8 11. Nc3 Nge7 12. e5 d5 13. Nb5 Nf5 14. g4 a6 15.
gxf5 axb5 16. f6 Bf8 17. Qxb5 Nxe5 18. Qe2 Nc6 19. Bf4 Bd6 20. Bxd6 Qxd6 21.
Ne5 Qb4 22. Rac1 h6 23. Nxc6 Rxc6 24. Qe5 O-O 25. Rxc6 bxc6 26. b3 Ra8 27. Qe3
Kh7 28. Qd2 Qa3 29. Rc1 Qxa2 30. Qxa2 Rxa2 31. Rxc6 g5 32. b4 Rb2 33. Rb6 Kg6
34. Rb8 Kxf6 35. b5 h5 36. b6 e5 37. dxe5+ Kxe5 38. b7 Kd4 39. Rg8 Rxb7 40.
Rxg5 h4 41. Rg4+ Kc3 42. Rxh4 d4 43. Kg2 d3 44. Rh3 Kc2 45. Rxd3 Kxd3 0-1

[Event "NAYCC U10 w"]
[Site "Kingston CAN"]
[Date "2019.08.18"]
[Round "5.52"]
[White "Pham, Linda"]
[Black "Ma, Lily"]
[Result "1-0"]
[WhiteElo "1330"]
[BlackElo "824"]
[PlyCount "107"]
[EventDate "2019.08.16"]
[EventType "swiss"]
[EventRounds "9"]
[EventCountry "CAN"]

1. d4 d5 2. Bf4 Nc6 3. e3 a6 4. c3 Nf6 5. Nf3 Bg4 6. Bd3 e6 7. Nbd2 Bd6 8. Bg3
O-O 9. Qc2 Re8 10. Ne5 Bh5 11. h3 Bg6 12. Bxg6 fxg6 13. f4 Ne7 14. Bf2 Bxe5 15.
dxe5 Nd7 16. g4 Nb6 17. h4 c5 18. h5 Rc8 19. Qd1 Nc6 20. Nb3 d4 21. exd4 Qd5
22. Rg1 cxd4 23. Bxd4 Qe4+ 24. Qe2 Qxf4 25. Bxb6 Qxe5 26. Qxe5 Nxe5 27. O-O-O
Rf8 28. hxg6 Nxg6 29. Rd7 Rb8 30. Ba7 Ne5 31. Rc7 Rfc8 32. Bxb8 Rxb8 33. Nc5
Nf3 34. Rf1 Ng5 35. Rxb7 Rxb7 36. Nxb7 g6 37. Nc5 a5 38. b4 axb4 39. cxb4 h5
40. gxh5 gxh5 41. Rg1 Kf7 42. Rxg5 Ke7 43. Rxh5 Kd6 44. a4 e5 45. a5 Kd5 46. a6
Kd4 47. a7 e4 48. Nxe4 Kxe4 49. a8=Q+ Kd4 50. Qd5+ Ke3 51. Rh4 Ke2 52. Rh3 Kf2
53. Qd2+ Kf1 54. Rh1# 1-0

[Event "NAYCC U10 w"]
[Site "Kingston CAN"]
[Date "2019.08.18"]
[Round "5.53"]
[White "Zhuang, Winnie"]
[Black "Fausto, Aliana"]
[Result "1/2-1/2"]
[WhiteElo "1285"]
[BlackElo "1214"]
[PlyCount "118"]
[EventDate "2019.08.16"]
[EventType "swiss"]
[EventRounds "9"]
[EventCountry "CAN"]

1. e4 c5 2. Nf3 g6 3. d4 cxd4 4. Nxd4 Bg7 5. Nc3 Nc6 6. Be3 Nf6 7. Qd2 O-O 8.
f3 d5 9. Nxc6 bxc6 10. O-O-O Qc7 11. Bh6 dxe4 12. Bxg7 Kxg7 13. Nxe4 Nxe4 14.
fxe4 Be6 15. Qc3+ f6 16. Kb1 Rab8 17. Bc4 Bxc4 18. Qxc4 Qe5 19. b3 a5 20. Qxc6
Rfc8 21. Qd5 Qc3 22. Qd3 Qc5 23. Kb2 a4 24. Rd2 axb3 25. cxb3 Ra8 26. Rc2 Qxc2+
27. Qxc2 Rxa2+ 28. Kxa2 Rxc2+ 29. Ka3 Rxg2 30. b4 Kf8 31. b5 Rc2 32. Kb3 Rc7
33. Kb4 Ke8 34. b6 Rb7 35. Ka5 Kd8 36. Rc1 Kd7 37. Ka6 Rxb6+ 38. Kxb6 Kd6 39.
Re1 Ke5 40. Kc5 e6 41. Kc4 g5 42. Kd3 h5 43. Ke3 g4 44. Kf2 Kf4 45. Kg2 h4 46.
Kf2 Ke5 47. Ke3 f5 48. exf5 exf5 49. Rf1 h3 50. Rf2 Kf6 51. Kf4 Kg6 52. Ke5 g3
53. hxg3 Kg5 54. Rxf5+ Kg4 55. Ke4 h2 56. Rf1 Kxg3 57. Ke3 Kg2 58. Rf2+ Kg1 59.
Rxh2 Kxh2 1/2-1/2

[Event "NAYCC U10 w"]
[Site "Kingston CAN"]
[Date "2019.08.18"]
[Round "5.54"]
[White "Morden, Rose"]
[Black "De Costa, Dayna"]
[Result "1-0"]
[WhiteElo "1518"]
[BlackElo "686"]
[PlyCount "65"]
[EventDate "2019.08.16"]
[EventType "swiss"]
[EventRounds "9"]
[EventCountry "CAN"]

1. d4 Nf6 2. Nf3 g6 3. c4 Bg7 4. Nc3 O-O 5. Bf4 d6 6. Qd2 c5 7. e3 cxd4 8. exd4
Nc6 9. O-O-O Bf5 10. h3 Be4 11. Be2 Qc7 12. Qe3 Bxf3 13. Qxf3 e5 14. dxe5 dxe5
15. Bd2 Nd4 16. Qe3 Nxe2+ 17. Qxe2 Rad8 18. Rhe1 Rfe8 19. Be3 b6 20. Nb5 Qc6
21. Nxa7 Qxg2 22. Rxd8 Rxd8 23. Bxb6 Rc8 24. Qf1 Qb7 25. Be3 Qc7 26. Nb5 Qd7
27. Rd1 Qe7 28. Qd3 Rd8 29. Qxd8+ Qxd8 30. Rxd8+ Bf8 31. Bh6 Nd7 32. c5 Nxc5
33. Rxf8# 1-0

[Event "NAYCC U10 w"]
[Site "Kingston CAN"]
[Date "2019.08.18"]
[Round "5.55"]
[White "Arivoli, Sadhana"]
[Black "Ran, Alice"]
[Result "1-0"]
[WhiteElo "1296"]
[BlackElo "985"]
[PlyCount "149"]
[EventDate "2019.08.16"]
[EventType "swiss"]
[EventRounds "9"]
[EventCountry "CAN"]

1. d4 Nf6 2. Bf4 d5 3. e3 Nc6 4. Nd2 Bf5 5. c3 e6 6. Ngf3 Be7 7. h3 O-O 8. Be2
h6 9. O-O Qd7 10. Ne5 Nxe5 11. Bxe5 Ne4 12. Nxe4 Bxe4 13. Bd3 Bxd3 14. Qxd3 Bd6
15. Bxd6 Qxd6 16. e4 f6 17. Rfe1 dxe4 18. Qxe4 Rfe8 19. Qxb7 c6 20. Qb3 Rab8
21. Qc2 c5 22. dxc5 Qxc5 23. Re2 Qc6 24. c4 e5 25. Rae1 a6 26. b3 Re6 27. Qe4
Qxe4 28. Rxe4 Rd8 29. R1e2 g5 30. f4 Rd1+ 31. Kh2 gxf4 32. Rxf4 Rdd6 33. Rfe4
Re7 34. g4 Red7 35. Kg3 Kf7 36. R2e3 Rd2 37. a4 Kg6 38. c5 f5 39. gxf5+ Kxf5
40. Rxe5+ Kf6 41. Re6+ Kg7 42. Re7+ Rxe7 43. Rxe7+ Kf6 44. Re3 Rc2 45. b4 Rc4
46. Rb3 Ke6 47. Kf3 Kd7 48. Rd3+ Kc7 49. Rb3 Kd7 50. Ke3 Kc6 51. Kd3 Kd5 52. b5
axb5 53. axb5 Kxc5 54. b6 Rd4+ 55. Ke3 Rd8 56. b7 Rb8 57. Kf4 Kc4 58. Rb1 Kd3
59. Kg4 Ke3 60. Kh5 Kd4 61. Kxh6 Kd5 62. h4 Ke6 63. h5 Kf7 64. Kh7 Kf6 65. Rb6+
Kg5 66. h6 Kf5 67. Kg7 Ke5 68. h7 Kd5 69. h8=Q Kc5 70. Qxb8 Kxb6 71. Qc8 Ka5
72. b8=B Ka4 73. Qb7 Ka5 74. Bd6 Ka4 75. Qb4# 1-0